[Event "LSS RA-2009-0-00067"]
[Site "LSS email"]
[Date "2009.10.30"]
[Round "?"]
[White "Hrubaru, Mircea"]
[Black "Aliev, Abduragim"]
[Result "1/2-1/2"]
[WhiteElo "2067"]
[BlackElo "2000"]
[PlyCount "58"]
[EventDate "2009.09.27"]
[EventType "tourn (corr)"]
[EventRounds "6"]
[EventCountry "GER"]
[SourceTitle "Telechess CBM 137"]
[Source "ChessBase"]
[SourceDate "2010.07.15"]
[SourceVersion "1"]
[SourceVersionDate "2010.07.15"]
[SourceQuality "1"]

1. d4 Nf6 2. c4 e6 3. Nc3 Bb4 4. Qc2 0-0 5. a3 Bxc3+ 6. Qxc3 b6 7. Bg5 Bb7 8. f3 h6 9. Bh4 d5 10. e3 Nbd7 11. cxd5 Nxd5 12. Bxd8 Nxc3 13. Bh4 Nd5 14. Bf2 c5 15. Bb5 N5f6 16. Ne2 a6 17. Ba4 cxd4 18. Nxd4 e5 19. Nf5 e4 20. Bxd7 Nxd7 21. Nd6 Bc6 22. Ke2 f5 23. Bg3 Nc5 24. Rac1 a5 25. fxe4 fxe4 26. Rhf1 Rfd8 27. Rc3 Bd7 28. h3 Bc8 29. Rd1 Rf8 1/2-1/2